书目信息 |
| 题名: |
生药学
|
|
| 作者: | 罗集鹏 主编 | |
| 分册: | ||
| 出版信息: | 北京 中国医药科技出版社 2009 |
|
| 页数: | 10,523页 | |
| 开本: | 26cm | |
| 丛书名: | ||
| 单 册: | ||
| 中图分类: | R93 | |
| 科图分类: | ||
| 主题词: | 生药学--高等教育--教材 , 生药学 | |
| 电子资源: | ||
| ISBN: | 978-7-5067-3641-1 | |
| 000 | 01094nam0 2200301 45 | |
| 001 | 1033119843 | |
| 005 | 20100407165004.10 | |
| 010 | @a978-7-5067-3641-1@dCNY49.00 | |
| 100 | @a20100402e2009 em y0chiy50 ea | |
| 101 | 0 | @achi |
| 102 | @aCN@b110000 | |
| 105 | @ay z 001yy | |
| 106 | @ar | |
| 200 | 1 | @a生药学@ASheng Yao Xue@f罗集鹏主编@FLuo Ji Peng Zhu Bian |
| 205 | @a2版 | |
| 210 | @a北京@c中国医药科技出版社@d2009 | |
| 215 | @a10,523页@d26cm | |
| 300 | @a全国普通高等专科教育药学类规划教材 | |
| 312 | @a封面英文题名:Pharmacognosy | |
| 320 | @a有索引(509-523页) | |
| 330 | @a本书分总论与各论两篇,总论概述生药学的研究对象及任务,起源与发展,影响生药品质优良度的主要因素,生药的炮制及其对生药化学成分和药效的影响,生药的鉴定,生药及中药制剂质量标准的制订,我国的生药资源、生产及开发利用;各论共收载常用生药233种(类),重点生药75种。 | |
| 510 | 1 | @aPharmacognosy@zeng |
| 606 | 0 | @a生药学@x高等教育@j教材 |
| 606 | 0 | @a生药学 |
| 690 | @aR93@v4 | |
| 701 | 0 | @a罗集鹏@ALuo Ji Peng@f(1942.8~)@4主编 |
| 801 | 0 | @aCN@bTANGWEI@c20100407 |
| 905 | @b0588622-24@dR93@e83=2@f3 | |
| 生药学/罗集鹏主编.-2版.-北京:中国医药科技出版社,2009 |
| 10,523页;26cm |
| 全国普通高等专科教育药学类规划教材 |
| ISBN 978-7-5067-3641-1:CNY49.00 |
| 本书分总论与各论两篇,总论概述生药学的研究对象及任务,起源与发展,影响生药品质优良度的主要因素,生药的炮制及其对生药化学成分和药效的影响,生药的鉴定,生药及中药制剂质量标准的制订,我国的生药资源、生产及开发利用;各论共收载常用生药233种(类),重点生药75种。 |
| ● |
| 相关链接 |
|
|
|
|
正题名:生药学
索取号:R93/83=2
 
预约/预借
| 序号 | 登录号 | 条形码 | 馆藏地/架位号 | 状态 | 备注 |
| 1 | 0588622 | 205886228 | 第二样本阅览室/ [索取号:R93/83=2] | 在馆 | |
| 2 | 0588623 | 205886237 | 第三借阅区/ [索取号:R93/83=2] | 在馆 | |
| 3 | 0588624 | 205886246 | 第三借阅区/ [索取号:R93/83=2] | 在馆 |